000 00568nam a2200193Ii 4500
003 JO-AjNU
008 230605s9999||||xx |||||||||||||| ||und||
040 _aJO-AjNU
_bara
_erda
_cJO-AjNU
041 _aara
050 1 4 _aDS38.4.A55 A65
100 3 _aالعقاد، عباس محمود,
_eauthor
_913321
245 0 0 _aعمرو بن العاص
264 3 1 _aدار الهلال، (د.ت)
300 _a190ص
336 _atext
_btxt
_2rdacontent
337 _aunmediated
_bn
_2rdamedia
338 _avolume
_bnc
_2rdacarrier
650 4 _aعمرو بن العاص
_913322
999 _aA3287
_c6855
_d6855